Statistiken für Teuerste Abgänge des VfB Stuttgart

Klicken Sie hier um das Quiz zu spielen!

Allgemein

  • Dieses Quiz wurde 75 mal gespielt
  • Das Durchschnittsergebnis liegt bei 14 aus 20

Antwortstatistiken

Neuer VereinNationalitätAblöseSpieler% Korrekt
Bayern MünchenFrankreich35 MioBenjamin Pavard
99%
West Ham UnitedGriechenland20 MioKonstantinos Mavropanos
96%
Borussia DortmundSchweiz15 MioGregor Kobel
94%
RB LeipzigDeutschland23 MioTimo Werner
94%
FC LiverpoolJapan20 MioWataru Endo
94%
Bayern MünchenDeutschland30 MioMario Gomez
87%
AC FlorenzArgentinien24,5 MioNicolás González
84%
FC Schalke 04Türkei15 MioOzan Kabak
76%
Hamburger SVSerbien14 MioFilip Kostic
72%
AS RomDeutschland9 MioAntonio Rüdiger
70%
Real MadridDeutschland14 MioSami Khedira
70%
WolverhamptonÖsterreich18 MioSasa Kalajdzic
70%
Nottingham ForrestBelgien13 MioOrel Mangala
67%
Hertha BSCArgentinien10 MioSantiago Ascacíbar
63%
FC ArsenalBelarus15 MioAleksandr Hleb
58%
Bayern MünchenDeutschland8,5 MioJoshua Kimmich
58%
PSV EindhovenDeutschland12 MioTimo Baumgartl
48%
Crystal PalaceFrankreich12 MioNaouirou Ahamada
39%
VfL WolfsburgDeutschland10 MioDaniel Ginczek
28%
VfL WolfsburgDeutschland9 MioChristian Träsch
22%

Verteilung der Resultate

Perzentil nach korrekt beantworteten Fragen

Anzahl Personen mit jedem Resultat

Ihre Resultats-Entwicklung

Sie haben dieses Quiz noch nicht gespielt